000
00255nam a22000977a 4500
008
160507b xxu||||| |||| 00| 0 eng d
041
_a
eng
080
_a
573
245
_a
Campbell biology conceptas connections:
_c
Reece Taylor; Simon Dickey;
942
_2
udc
_c
BK
999
_c
1900
_d
1900